000 00459nam a2200157Ia 4500
008 090124s9999 xx 000 0 und d
082 _b114657
245 _a एका पराभवाची कहानी
250 _a1
260 _c1972
300 _a304
630 _a एका पराभवाची कहानी
700 _aभावे अनंत
730 _a एका पराभवाची कहानी
942 _cBOOK
999 _c160748
_d160748